<?xml version="1.0" encoding="UTF-8"?>
<record
    xmlns:xsi="http://www.w3.org/2001/XMLSchema-instance"
    xsi:schemaLocation="http://www.loc.gov/MARC21/slim http://www.loc.gov/standards/marcxml/schema/MARC21slim.xsd"
    xmlns="http://www.loc.gov/MARC21/slim">

  <leader>01123cam a22003131  4500</leader>
  <controlfield tag="001">3113570</controlfield>
  <controlfield tag="003">GBCCL</controlfield>
  <controlfield tag="005">20241126110422.0</controlfield>
  <controlfield tag="008">711124m19641976miu      d    001 0 eng  </controlfield>
  <datafield tag="010" ind1=" " ind2=" ">
    <subfield code="a">   64015136 </subfield>
  </datafield>
  <datafield tag="020" ind1=" " ind2=" ">
    <subfield code="a">0802822509 (v. 8) :</subfield>
    <subfield code="c">18.50 (varies for each vol.)</subfield>
  </datafield>
  <datafield tag="040" ind1=" " ind2=" ">
    <subfield code="a">DLC</subfield>
    <subfield code="c">DLC</subfield>
    <subfield code="d">DLC</subfield>
  </datafield>
  <datafield tag="041" ind1="1" ind2=" ">
    <subfield code="a">engger</subfield>
  </datafield>
  <datafield tag="050" ind1="0" ind2="0">
    <subfield code="a">BS2312</subfield>
    <subfield code="b">.K5813 1964</subfield>
  </datafield>
  <datafield tag="082" ind1="0" ind2="0">
    <subfield code="a">487.3</subfield>
    <subfield code="a">225.3</subfield>
    <subfield code="b">THE</subfield>
  </datafield>
  <datafield tag="100" ind1="1" ind2=" ">
    <subfield code="a">Kittel, Gerhard,</subfield>
    <subfield code="d">1888-1948,</subfield>
    <subfield code="e">ed.</subfield>
    <subfield code="9">4496</subfield>
  </datafield>
  <datafield tag="240" ind1="1" ind2="0">
    <subfield code="a">Theologisches W&#xF6;rterbuch zum Neuen Testament.</subfield>
    <subfield code="l">English</subfield>
  </datafield>
  <datafield tag="245" ind1="1" ind2="0">
    <subfield code="a">Theological dictionary of the New Testament.</subfield>
    <subfield code="c">Translator and editor: Geoffrey W. Bromiley.</subfield>
  </datafield>
  <datafield tag="260" ind1=" " ind2=" ">
    <subfield code="a">Grand Rapids, Mich.,</subfield>
    <subfield code="b">Eerdmans</subfield>
    <subfield code="c">c1964-c1976.</subfield>
  </datafield>
  <datafield tag="300" ind1=" " ind2=" ">
    <subfield code="a">10 v.</subfield>
    <subfield code="c">25 cm.</subfield>
  </datafield>
  <datafield tag="500" ind1=" " ind2=" ">
    <subfield code="a">Vol. 5-   edited by Gerhard Friedrich.</subfield>
  </datafield>
  <datafield tag="500" ind1=" " ind2=" ">
    <subfield code="a">Includes index.</subfield>
  </datafield>
  <datafield tag="630" ind1="0" ind2="0">
    <subfield code="a">Bible.</subfield>
    <subfield code="p">New Testament</subfield>
    <subfield code="x">Dictionaries.</subfield>
    <subfield code="9">2567</subfield>
  </datafield>
  <datafield tag="650" ind1=" " ind2="0">
    <subfield code="a">Greek language, Biblical</subfield>
    <subfield code="x">Dictionaries.</subfield>
    <subfield code="9">636</subfield>
  </datafield>
  <datafield tag="700" ind1="1" ind2=" ">
    <subfield code="a">Bromiley, Geoffrey William,</subfield>
    <subfield code="e">ed. and tr.</subfield>
    <subfield code="9">4073</subfield>
  </datafield>
  <datafield tag="700" ind1="1" ind2=" ">
    <subfield code="a">Friedrich, Gerhard,</subfield>
    <subfield code="d">1908-</subfield>
    <subfield code="e">ed.</subfield>
    <subfield code="9">4497</subfield>
  </datafield>
  <datafield tag="906" ind1=" " ind2=" ">
    <subfield code="a">7</subfield>
    <subfield code="b">cbc</subfield>
    <subfield code="c">orignew</subfield>
    <subfield code="d">u</subfield>
    <subfield code="e">ocip</subfield>
    <subfield code="f">19</subfield>
    <subfield code="g">y-gencatlg</subfield>
  </datafield>
  <datafield tag="942" ind1=" " ind2=" ">
    <subfield code="2">ddc</subfield>
    <subfield code="c">REF</subfield>
  </datafield>
  <datafield tag="999" ind1=" " ind2=" ">
    <subfield code="c">2197</subfield>
    <subfield code="d">2197</subfield>
  </datafield>
  <datafield tag="952" ind1=" " ind2=" ">
    <subfield code="0">0</subfield>
    <subfield code="1">0</subfield>
    <subfield code="2">ddc</subfield>
    <subfield code="4">0</subfield>
    <subfield code="7">0</subfield>
    <subfield code="a">GBC</subfield>
    <subfield code="b">GBC</subfield>
    <subfield code="c">DIC</subfield>
    <subfield code="d">2017-07-13</subfield>
    <subfield code="l">0</subfield>
    <subfield code="o">487.3 THE</subfield>
    <subfield code="p">000095</subfield>
    <subfield code="r">2025-05-01 00:00:00</subfield>
    <subfield code="t">v.4</subfield>
    <subfield code="w">2017-07-13</subfield>
    <subfield code="y">REF</subfield>
  </datafield>
  <datafield tag="952" ind1=" " ind2=" ">
    <subfield code="0">0</subfield>
    <subfield code="1">0</subfield>
    <subfield code="2">ddc</subfield>
    <subfield code="4">0</subfield>
    <subfield code="7">0</subfield>
    <subfield code="a">GBC</subfield>
    <subfield code="b">GBC</subfield>
    <subfield code="c">DIC</subfield>
    <subfield code="d">2017-07-13</subfield>
    <subfield code="l">0</subfield>
    <subfield code="o">487.3 THE</subfield>
    <subfield code="p">000097</subfield>
    <subfield code="r">2025-05-01 00:00:00</subfield>
    <subfield code="t">v.6</subfield>
    <subfield code="w">2017-07-13</subfield>
    <subfield code="y">REF</subfield>
  </datafield>
  <datafield tag="952" ind1=" " ind2=" ">
    <subfield code="0">0</subfield>
    <subfield code="1">0</subfield>
    <subfield code="2">ddc</subfield>
    <subfield code="4">0</subfield>
    <subfield code="7">0</subfield>
    <subfield code="a">GBC</subfield>
    <subfield code="b">GBC</subfield>
    <subfield code="c">DIC</subfield>
    <subfield code="d">2017-07-13</subfield>
    <subfield code="l">0</subfield>
    <subfield code="o">487.3 THE</subfield>
    <subfield code="p">000098</subfield>
    <subfield code="r">2025-05-01 00:00:00</subfield>
    <subfield code="t">v.7</subfield>
    <subfield code="w">2017-07-13</subfield>
    <subfield code="y">REF</subfield>
  </datafield>
  <datafield tag="952" ind1=" " ind2=" ">
    <subfield code="0">0</subfield>
    <subfield code="1">0</subfield>
    <subfield code="2">ddc</subfield>
    <subfield code="4">0</subfield>
    <subfield code="7">0</subfield>
    <subfield code="a">GBC</subfield>
    <subfield code="b">GBC</subfield>
    <subfield code="c">DIC</subfield>
    <subfield code="d">2017-07-13</subfield>
    <subfield code="l">0</subfield>
    <subfield code="o">487.3 THE</subfield>
    <subfield code="p">000096</subfield>
    <subfield code="r">2025-05-01 00:00:00</subfield>
    <subfield code="t">v.5</subfield>
    <subfield code="w">2017-07-13</subfield>
    <subfield code="y">REF</subfield>
  </datafield>
  <datafield tag="952" ind1=" " ind2=" ">
    <subfield code="0">0</subfield>
    <subfield code="1">0</subfield>
    <subfield code="2">ddc</subfield>
    <subfield code="4">0</subfield>
    <subfield code="7">0</subfield>
    <subfield code="a">GBC</subfield>
    <subfield code="b">GBC</subfield>
    <subfield code="c">DIC</subfield>
    <subfield code="d">2017-07-13</subfield>
    <subfield code="l">0</subfield>
    <subfield code="o">487.3 THE</subfield>
    <subfield code="p">000094</subfield>
    <subfield code="r">2025-05-01 00:00:00</subfield>
    <subfield code="t">v.3</subfield>
    <subfield code="w">2017-07-13</subfield>
    <subfield code="y">REF</subfield>
  </datafield>
  <datafield tag="952" ind1=" " ind2=" ">
    <subfield code="0">0</subfield>
    <subfield code="1">0</subfield>
    <subfield code="2">ddc</subfield>
    <subfield code="4">0</subfield>
    <subfield code="7">0</subfield>
    <subfield code="a">GBC</subfield>
    <subfield code="b">GBC</subfield>
    <subfield code="c">DIC</subfield>
    <subfield code="d">2017-07-13</subfield>
    <subfield code="l">0</subfield>
    <subfield code="o">487.3 THE</subfield>
    <subfield code="p">000092</subfield>
    <subfield code="r">2025-05-01 00:00:00</subfield>
    <subfield code="t">v.1</subfield>
    <subfield code="w">2017-07-13</subfield>
    <subfield code="y">REF</subfield>
  </datafield>
  <datafield tag="952" ind1=" " ind2=" ">
    <subfield code="0">0</subfield>
    <subfield code="1">0</subfield>
    <subfield code="2">ddc</subfield>
    <subfield code="4">0</subfield>
    <subfield code="7">0</subfield>
    <subfield code="a">GBC</subfield>
    <subfield code="b">GBC</subfield>
    <subfield code="c">DIC</subfield>
    <subfield code="d">2017-07-13</subfield>
    <subfield code="l">0</subfield>
    <subfield code="o">487.3 THE</subfield>
    <subfield code="p">000093</subfield>
    <subfield code="r">2025-05-01 00:00:00</subfield>
    <subfield code="t">v.2</subfield>
    <subfield code="w">2017-07-13</subfield>
    <subfield code="y">REF</subfield>
  </datafield>
  <datafield tag="952" ind1=" " ind2=" ">
    <subfield code="0">0</subfield>
    <subfield code="1">0</subfield>
    <subfield code="2">ddc</subfield>
    <subfield code="4">0</subfield>
    <subfield code="7">0</subfield>
    <subfield code="a">GBC</subfield>
    <subfield code="b">GBC</subfield>
    <subfield code="c">DIC</subfield>
    <subfield code="d">2017-07-13</subfield>
    <subfield code="l">0</subfield>
    <subfield code="o">487.3 THE</subfield>
    <subfield code="p">000099</subfield>
    <subfield code="r">2025-05-01 00:00:00</subfield>
    <subfield code="t">v.8</subfield>
    <subfield code="w">2017-07-13</subfield>
    <subfield code="y">REF</subfield>
  </datafield>
  <datafield tag="952" ind1=" " ind2=" ">
    <subfield code="0">0</subfield>
    <subfield code="1">0</subfield>
    <subfield code="2">ddc</subfield>
    <subfield code="4">0</subfield>
    <subfield code="7">0</subfield>
    <subfield code="a">GBC</subfield>
    <subfield code="b">GBC</subfield>
    <subfield code="c">DIC</subfield>
    <subfield code="d">2017-07-13</subfield>
    <subfield code="l">0</subfield>
    <subfield code="o">487.3 THE</subfield>
    <subfield code="p">000100</subfield>
    <subfield code="r">2025-05-01 00:00:00</subfield>
    <subfield code="t">v.9</subfield>
    <subfield code="w">2017-07-13</subfield>
    <subfield code="y">REF</subfield>
  </datafield>
  <datafield tag="952" ind1=" " ind2=" ">
    <subfield code="0">0</subfield>
    <subfield code="1">0</subfield>
    <subfield code="2">ddc</subfield>
    <subfield code="4">0</subfield>
    <subfield code="7">0</subfield>
    <subfield code="a">GBC</subfield>
    <subfield code="b">GBC</subfield>
    <subfield code="c">DIC</subfield>
    <subfield code="d">2017-07-13</subfield>
    <subfield code="l">0</subfield>
    <subfield code="o">487.3 THE</subfield>
    <subfield code="p">000101</subfield>
    <subfield code="r">2025-05-01 00:00:00</subfield>
    <subfield code="t">v.10</subfield>
    <subfield code="w">2017-07-13</subfield>
    <subfield code="y">REF</subfield>
  </datafield>
  <datafield tag="952" ind1=" " ind2=" ">
    <subfield code="0">0</subfield>
    <subfield code="1">0</subfield>
    <subfield code="2">ddc</subfield>
    <subfield code="4">0</subfield>
    <subfield code="7">0</subfield>
    <subfield code="a">GBC</subfield>
    <subfield code="b">GBC</subfield>
    <subfield code="c">DIC</subfield>
    <subfield code="d">2017-07-13</subfield>
    <subfield code="l">0</subfield>
    <subfield code="o">487.3 THE</subfield>
    <subfield code="p">009932</subfield>
    <subfield code="r">2025-05-01 00:00:00</subfield>
    <subfield code="t">c.1</subfield>
    <subfield code="w">2017-07-13</subfield>
    <subfield code="y">REF</subfield>
  </datafield>
</record>
